00906nam a2200241Ia 450000500170000000800410001702000220005804100080008008200160008810000220010424500290012626000430015530000210019844000060021950000290022565000290025470000220028390600070030594200070031299900170031995201640033695201640050020230328125950.0230125s9999 xx 000 0 und d a978-93-325-8712-0 aeng a302.35bJAM aJames P S9117741 aOrganisational Behaviour c2017bPearson EducationaUttar Pradesh a699pcPaper Back v2 aOrganizational Behaviour aOrganizational Behaviour aJames P S9117741 b27 cBK c95572d95572 00104070aHIMRbHIMRd2019-02-10ePritam Book Centreg699.00i10762l0o302.35 JAM B18035pHIMR-BK-18035r2023-01-25 00:00:00v672.00w2019-02-09yBKzB18035 00104070aHIMRbHIMRd2019-02-10ePritam Book Centreg699.00i10762l0o302.35 JAM B18036pHIMR-BK-18036r2023-01-25 00:00:00v672.00w2019-02-09yBKzB18036